000
00313nam a2200133Ia 4500
005
20260328101451.0
008
260328s9999||||xx |||||||||||||| ||und||
100
_a
Benton, Tim
245
0
_a
Le Corbusier :
_b
Le Grand /
_c
Tim Benton
260
_b
Phaidon
300
_a
768 p.
650
_a
ARQUITECTOS
942
_c
BK
999
_c
8675
_d
8675